000 00464nam a2200181Ia 4500
001 2324
005 20260306144758.0
008 260306t2015||||xx |||||||||||||| ||spa||
041 _aESP
082 _a616.86
_bC17
100 _aCallejo Escobar, Jorge
_eAUT
245 0 _aGuía de intervención en drogodependencias en terapia ocupacional
260 _c2015
300 _a228 páginas :
_c21 cm.
650 _aGEN
654 _aCPS
942 _cLIB
_dJUS
_fJUS
_2ddc
_n
999 _c2324
_d2324